Online
Catalog

Andando el tiempo / (Record no. 7558)

MARC details
000 -CABECERA
campo de control de longitud fija 00823cam a2200253 a 4500
001 - NÚMERO DE CONTROL
campo de control 000007780
005 - FECHA Y HORA DE LA ÚLTIMA TRANSACCIÓN
campo de control 20200929154310.0
008 - DATOS DE LONGITUD FIJA--INFORMACIÓN GENERAL
campo de control de longitud fija 910128s1989 mx a 001 0 spa
020 ## - NÚMERO INTERNACIONAL ESTÁNDAR DEL LIBRO
Número Internacional Estándar del Libro 9686050043 (rustica)
020 ## - NÚMERO INTERNACIONAL ESTÁNDAR DEL LIBRO
Número Internacional Estándar del Libro 9686050051 (pasta)
040 ## - FUENTE DE LA CATALOGACIÓN
Centro catalogador/agencia de origen DO-SdBNP
Centro/agencia transcriptor DLC
Centro/agencia modificador DLC
082 ## - NÚMERO DE LA CLASIFICACIÓN DECIMAL DEWEY
Número de clasificación M860.4
Número de documento/Ítem Z57a, 1989
100 1# - ENTRADA PRINCIPAL--NOMBRE DE PERSONA
Nombre de persona Zepeda, Eraclio,
Fechas asociadas al nombre 1937-
9 (RLIN) 21483
245 10 - MENCIÓN DE TÍTULO
Título Andando el tiempo /
Mención de responsabilidad, etc. Eraclio Zepeda ; ilustraciones, Antonio Martorell.
250 ## - MENCIÓN DE EDICIÓN
Mención de edición 3a ed.
260 ## - PUBLICACIÓN, DISTRIBUCIÓN, ETC.
Lugar de publicación, distribución, etc. México :
Nombre del editor, distribuidor, etc. La Letra,
Fecha de publicación, distribución, etc. 1989.
300 ## - DESCRIPCIÓN FÍSICA
Extensión 131 p. :
Otras características físicas il. ;
Dimensiones 22 cm.
490 1# - MENCIÓN DE SERIE
Mención de serie Los que Cuentan
650 #4 - PUNTO DE ACCESO ADICIONAL DE MATERIA--TÉRMINO DE MATERIA
Término de materia o nombre geográfico como elemento de entrada Literatura mexicana
9 (RLIN) 1922
600 14 - PUNTO DE ACCESO ADICIONAL DE MATERIA--NOMBRE DE PERSONA
Nombre de persona ZEPEDA, ERACLIO,
Fechas asociadas al nombre 1937-
Subdivisión general CRÍTICA E INTERPRETACIÓN
9 (RLIN) 21484
700 1# - PUNTO DE ACCESO ADICIONAL--NOMBRE DE PERSONA
Nombre de persona Martorrell, Antonio,
Término indicativo de función/relación il.
9 (RLIN) 21485
830 #4 - PUNTO DE ACCESO ADICIONAL DE SERIE-TÍTULO UNIFORME
Título uniforme Los que Cuentan
9 (RLIN) 21486
910 ## - DATOS DE OPCIÓN DEL USUARIO (OCLC)
Datos de opción del usuario Catalogación por copia / LC
Holdings
Estado de retiro Estado de pérdida Restricciones de uso No para préstamo Código de colección Localización permanente Ubicación/localización actual Ubicación en estantería Fecha de adquisición Número de inventario Total de préstamos Signatura topográfica completa Código de barras Fecha visto por última vez Precio válido a partir de Tipo de ítem Koha
    Préstamo interno   Monografías: Libros y Folletos General General En catalogación 10.09.2009 LF1   M860.4 Z57a, 1989 7780-10 25.06.2020 25.06.2020 Préstamo interno

Powered by Koha